[Event "WCO 2016"]
[Site "?"]
[Date "2016.09.09"]
[Round "7"]
[Board "11"]
[WhiteID "116459"]
[White "Fernandez Maria Florencia"]
[BlackID "1711083"]
[Black "Bengtsson Jessica"]
[Result "1-0"]
[BlackElo "2005"]
[WhiteElo "2189"]
[LiveChessVersion "1.4.8"]

1. d4 {[%clk 1:30:56]} Nf6 {[%clk 1:30:46]} 2. c4 {[%clk 1:31:15]} e6
{[%clk 1:31:05]} 3. Nc3 {[%clk 1:30:29]} Bb4 {[%clk 1:30:58]} 4. e3
{[%clk 1:30:44]} O-O {[%clk 1:30:11]} 5. Nge2 {[%clk 1:31:12]} d5
{[%clk 1:30:05]} 6. a3 {[%clk 1:31:36]} Bd6 {[%clk 1:30:14]} 7. Ng3
{[%clk 1:29:01]} Re8 {[%clk 1:24:53]} 8. cxd5 {[%clk 1:27:27]} exd5
{[%clk 1:24:55]} 9. Bd3 {[%clk 1:27:24]} b6 {[%clk 1:17:39]} 10. O-O
{[%clk 1:22:17]} c5 {[%clk 1:08:01]} 11. Nf5 {[%clk 1:20:04]} Bf8
{[%clk 1:07:02]} 12. f3 {[%clk 1:17:17]} g6 {[%clk 1:03:55]} 13. Ng3
{[%clk 1:17:22]} Bg7 {[%clk 0:58:13]} 14. Nge2 {[%clk 1:09:01]} Nc6
{[%clk 0:53:34]} 15. Bb5 {[%clk 1:02:15]} Bb7 {[%clk 0:44:48]} 16. dxc5
{[%clk 0:53:54]} bxc5 {[%clk 0:44:44]} 17. Nf4 {[%clk 0:53:42]} a6
{[%clk 0:37:19]} 18. Ba4 {[%clk 0:53:09]} d4 {[%clk 0:35:29]} 19. exd4
{[%clk 0:53:25]} cxd4 {[%clk 0:29:56]} 20. Na2 {[%clk 0:44:30]} Qb6
{[%clk 0:26:33]} 21. Kh1 {[%clk 0:42:39]} Red8 {[%clk 0:25:26]} 22. Bd2
{[%clk 0:37:13]} Rac8 {[%clk 0:17:53]} 23. Re1 {[%clk 0:25:36]} a5
{[%clk 0:16:17]} 24. Nc1 {[%clk 0:24:50]} Nd5 {[%clk 0:13:27]} 25. Nxd5
{[%clk 0:24:51]} Rxd5 {[%clk 0:13:51]} 26. Nd3 {[%clk 0:23:23]} Ba6
{[%clk 0:13:20]} 27. Nf4 {[%clk 0:20:48]} Rdd8 {[%clk 0:13:12]} 28. Bb3
{[%clk 0:19:55]} Rb8 {[%clk 0:12:27]} 29. Ba4 {[%clk 0:17:57]} Ne5
{[%clk 0:12:11]} 30. b3 {[%clk 0:17:34]} Bb7 {[%clk 0:10:38]} 31. Qe2
{[%clk 0:14:53]} d3 {[%clk 0:07:45]} 32. Qf1 {[%clk 0:14:38]} Qa7
{[%clk 0:05:50]} 33. Rac1 {[%clk 0:13:14]} Rbc8 {[%clk 0:04:01]} 34. Bb5
{[%clk 0:13:14]} Rxc1 {[%clk 0:03:39]} 35. Rxc1 {[%clk 0:13:38]} Qb6
{[%clk 0:01:58]} 36. a4 {[%clk 0:13:32]} Ba6 {[%clk 0:02:05]} 37. Bxa6
{[%clk 0:12:22]} Qxa6 {[%clk 0:02:33]} 38. Rc5 {[%clk 0:12:32]} Nc6
{[%clk 0:01:21]} 39. Qe1 {[%clk 0:07:30]} Nb4 {[%clk 0:01:11]} 40. Qe7
{[%clk 0:35:30]} Bf6 {[%clk 0:30:41]} 41. Qc7 {[%clk 0:33:10]} Ra8
{[%clk 0:18:39]} 42. h3 {[%clk 0:22:47]} Bd4 {[%clk 0:13:32]} 43. Rb5
{[%clk 0:19:07]} Rc8 {[%clk 0:06:51]} 44. Qd7 {[%clk 0:16:05]} Bf6
{[%clk 0:03:04]} 45. Rb7 {[%clk 0:10:46]} Rf8 {[%clk 0:03:16]} 46. Bxb4
{[%clk 0:10:29]} axb4 {[%clk 0:03:37]} 47. Nxd3 Bc3 {[%clk 0:03:11]} 48. f4
{[%clk 0:03:05]} Qf6 {[%clk 0:02:56]} 49. Qe7 {[%clk 0:02:27]} Qf5
{[%clk 0:01:30]} 50. Rd7 {[%clk 0:02:12]} Bf6 {[%clk 0:00:43]} 51. Qd6
{[%clk 0:02:18]} Re8 {[%clk 0:00:34]} 52. Qd5 {[%clk 0:01:53]} Qxd5
{[%clk 0:00:41]} 53. Rxd5 {[%clk 0:02:21]} Bc3 {[%clk 0:00:46]} 54. Rb5
{[%clk 0:02:34]} Re4 {[%clk 0:00:59]} 55. a5 {[%clk 0:01:42]} Rd4
{[%clk 0:00:37]} 56. a6 {[%clk 0:01:31]} Rxd3 {[%clk 0:00:37]} 57. a7
{[%clk 0:01:58]} Rd1+ {[%clk 0:00:48]} 58. Kh2 {[%clk 0:02:25]} Ra1
{[%clk 0:01:01]} 59. Rb8+ {[%clk 0:02:51]} Kg7 {[%clk 0:01:27]} 60. a8=Q
{[%clk 0:03:15]} Rxa8 {[%clk 0:01:53]} 61. Rxa8 {[%clk 0:03:42]} h5
{[%clk 0:00:44]} 62. g4 {[%clk 0:03:27]} hxg4 {[%clk 0:01:09]} 63. hxg4
{[%clk 0:03:53]} Kf6 {[%clk 0:00:53]} 64. Re8 {[%clk 0:04:09]} Kg7
{[%clk 0:00:41]} 65. Kg3 {[%clk 0:04:19]} Kf6 {[%clk 0:00:40]} 66. Kf3
{[%clk 0:04:43]} Kg7 {[%clk 0:00:40]} 67. Ke4 {[%clk 0:05:08]} Bd2
{[%clk 0:00:53]} 68. Rd8 {[%clk 0:05:16]} Bc3 {[%clk 0:01:15]} 69. Kd3
{[%clk 0:03:57]} Kf6 {[%clk 0:01:15]} 70. Rc8 {[%clk 0:04:10]} Bb2
{[%clk 0:00:42]} 71. Rc4 {[%clk 0:04:23]} Ba3 {[%clk 0:00:50]} 72. Rc6+
{[%clk 0:04:34]} Ke7 {[%clk 0:00:52]} 73. Kc4 {[%clk 0:04:07]} f6
{[%clk 0:00:36]} 74. Kd5 {[%clk 0:03:41]} Bb2 {[%clk 0:00:38]} 75. Rc7+
{[%clk 0:04:01]} Kf8 {[%clk 0:00:58]} 76. Ke6 {[%clk 0:04:14]} g5
{[%clk 0:00:45]} 77. f5 {[%clk 0:04:34]} Bc3 {[%clk 0:00:43]} 78. Rf7+
{[%clk 0:04:59]} 1-0

[Event "WCO 2016"]
[Site "?"]
[Date "2016.09.09"]
[Round "7"]
[Board "12"]
[WhiteID "1712632"]
[White "Fransson Angelina"]
[BlackID "118702"]
[Black "Martinez Ayelen"]
[Result "1/2-1/2"]
[BlackElo "2219"]
[WhiteElo "1996"]
[LiveChessVersion "1.4.8"]

1. e4 {[%clk 1:30:57]} c5 {[%clk 1:30:52]} 2. Nf3 {[%clk 1:31:22]} d6
{[%clk 1:31:17]} 3. Bb5+ {[%clk 1:31:47]} Nd7 {[%clk 1:31:44]} 4. O-O
{[%clk 1:31:51]} Ngf6 {[%clk 1:30:43]} 5. Re1 {[%clk 1:32:01]} e5
{[%clk 1:30:40]} 6. c3 {[%clk 1:30:23]} a6 {[%clk 1:31:03]} 7. Bf1
{[%clk 1:28:14]} b5 {[%clk 1:27:44]} 8. d4 {[%clk 1:27:08]} Be7 {[%clk 1:27:41]}
9. d5 {[%clk 1:10:14]} Nb6 {[%clk 1:23:11]} 10. b3 {[%clk 1:06:05]} Bg4
{[%clk 1:22:04]} 11. Nbd2 {[%clk 1:04:09]} O-O {[%clk 1:21:07]} 12. h3
{[%clk 1:01:43]} Bh5 {[%clk 1:20:32]} 13. a4 {[%clk 0:58:59]} Qd7
{[%clk 1:13:41]} 14. a5 {[%clk 0:55:41]} Nc8 {[%clk 1:14:04]} 15. Bd3
{[%clk 0:50:39]} Bd8 {[%clk 1:12:22]} 16. Nf1 {[%clk 0:46:54]} Ne7
{[%clk 1:04:05]} 17. Ng3 {[%clk 0:46:35]} Ng6 {[%clk 1:00:51]} 18. Bf1
{[%clk 0:37:40]} Nf4 {[%clk 0:53:27]} 19. Bxf4 {[%clk 0:33:23]} exf4
{[%clk 0:53:22]} 20. Nxh5 {[%clk 0:33:32]} Nxh5 {[%clk 0:53:47]} 21. Nh2
{[%clk 0:33:22]} g6 {[%clk 0:52:49]} 22. Be2 {[%clk 0:26:50]} Ng7
{[%clk 0:51:09]} 23. Qd2 {[%clk 0:24:27]} Bf6 {[%clk 0:51:04]} 24. Ng4
{[%clk 0:19:00]} Qe7 {[%clk 0:50:14]} 25. Rad1 {[%clk 0:12:55]} Be5
{[%clk 0:48:07]} 26. Nxe5 {[%clk 0:12:56]} Qxe5 {[%clk 0:48:32]} 27. Bg4
{[%clk 0:12:29]} Ra7 {[%clk 0:29:24]} 28. b4 {[%clk 0:09:25]} Rc7
{[%clk 0:26:18]} 29. Rc1 {[%clk 0:09:05]} h5 {[%clk 0:23:53]} 30. Bf3
{[%clk 0:07:50]} Rfc8 {[%clk 0:23:59]} 31. c4 {[%clk 0:07:51]} bxc4
{[%clk 0:19:10]} 32. Rxc4 {[%clk 0:07:10]} Ne8 {[%clk 0:11:47]} 33. Rec1
{[%clk 0:06:23]} cxb4 {[%clk 0:12:10]} 34. Rxc7 {[%clk 0:03:56]} Rxc7
{[%clk 0:12:36]} 35. Rxc7 {[%clk 0:04:12]} Nxc7 {[%clk 0:13:02]} 36. Qxb4
{[%clk 0:04:22]} Nb5 {[%clk 0:13:29]} 37. Kh2 {[%clk 0:04:02]} Kg7
{[%clk 0:11:33]} 38. Qd2 {[%clk 0:03:27]} Qa1 {[%clk 0:08:00]} 39. Be2
{[%clk 0:02:27]} Nc3 {[%clk 0:03:26]} 40. Qd4+ {[%clk 0:32:29]} Kg8
{[%clk 0:32:20]} 41. Bxa6 {[%clk 0:30:23]} Qxa5 {[%clk 0:32:38]} 42. Bd3
{[%clk 0:26:32]} Nd1 {[%clk 0:24:44]} 43. Bc2 {[%clk 0:24:37]} Nc3
{[%clk 0:24:36]} 44. Qd2 {[%clk 0:17:25]} Qc5 {[%clk 0:22:07]} 45. Kg1
{[%clk 0:05:58]} Qc4 {[%clk 0:13:02]} 46. Qd3 {[%clk 0:05:48]} Qc5
{[%clk 0:06:11]} 47. Bd1 {[%clk 0:05:38]} Nb5 {[%clk 0:03:55]} 48. Bf3
{[%clk 0:05:00]} Nd4 {[%clk 0:04:00]} 49. Qd2 {[%clk 0:05:09]} Nxf3+
{[%clk 0:00:42]} 50. gxf3 {[%clk 0:05:35]} g5 {[%clk 0:01:05]} 51. Qb2
{[%clk 0:05:18]} g4 {[%clk 0:00:49]} 52. hxg4 {[%clk 0:04:58]} hxg4
{[%clk 0:01:15]} 53. fxg4 {[%clk 0:04:16]} Qc8 {[%clk 0:00:39]} 54. Qe2
{[%clk 0:04:25]} Qc3 {[%clk 0:00:47]} 55. Kg2 {[%clk 0:04:40]} Kg7
{[%clk 0:01:07]} 56. Qf3 {[%clk 0:04:48]} Qe5 {[%clk 0:01:32]} 57. Qb3
{[%clk 0:04:05]} Qxe4+ {[%clk 0:01:43]} 58. Qf3 {[%clk 0:04:30]} Qe5
{[%clk 0:02:06]} 59. Kh2 {[%clk 0:04:22]} Kg6 {[%clk 0:01:32]} 60. Kg2
{[%clk 0:04:12]} Kg5 {[%clk 0:01:40]} 61. Kg1 {[%clk 0:02:46]} Qa1+
{[%clk 0:01:27]} 62. Kg2 {[%clk 0:03:07]} Qh8 {[%clk 0:00:49]} 63. Qe2
{[%clk 0:02:52]} Qf6 {[%clk 0:00:40]} 64. f3 {[%clk 0:02:52]} Kh6
{[%clk 0:00:37]} 65. Qe8 {[%clk 0:02:40]} Kg7 {[%clk 0:00:52]} 66. Qe4
{[%clk 0:02:38]} Qb2+ {[%clk 0:01:02]} 67. Kf1 {[%clk 0:01:57]} Qc1+
{[%clk 0:01:14]} 68. Ke2 {[%clk 0:02:06]} Qb2+ {[%clk 0:01:22]} 69. Ke1
{[%clk 0:01:39]} Qc1+ {[%clk 0:01:44]} 1/2-1/2

[Event "WCO 2016"]
[Site "?"]
[Date "2016.09.09"]
[Round "7"]
[Board "14"]
[WhiteID "2907763"]
[White "Videnova Iva"]
[BlackID "13904108"]
[Black "Hincu Olga"]
[Result "1/2-1/2"]
[BlackElo "2125"]
[WhiteElo "2386"]
[LiveChessVersion "1.4.8"]

1. e4 {[%clk 1:30:58]} e6 {[%clk 1:30:54]} 2. d4 {[%clk 1:31:24]} d5
{[%clk 1:31:20]} 3. Nc3 {[%clk 1:31:49]} Nf6 {[%clk 1:31:47]} 4. e5
{[%clk 1:32:14]} Nfd7 {[%clk 1:32:14]} 5. f4 {[%clk 1:32:39]} c5 {[%clk 1:32:41]}
6. Nf3 {[%clk 1:33:05]} Nc6 {[%clk 1:33:07]} 7. Be3 {[%clk 1:33:31]} cxd4
{[%clk 1:33:33]} 8. Nxd4 {[%clk 1:33:55]} Bc5 {[%clk 1:33:59]} 9. Qd2
{[%clk 1:33:30]} Bxd4 {[%clk 1:34:23]} 10. Bxd4 {[%clk 1:33:51]} Nxd4
{[%clk 1:34:48]} 11. Qxd4 {[%clk 1:34:14]} Qb6 {[%clk 1:35:16]} 12. Qxb6
{[%clk 1:34:31]} Nxb6 {[%clk 1:35:42]} 13. Bd3 {[%clk 1:34:54]} Ke7
{[%clk 1:35:44]} 14. Kd2 {[%clk 1:34:34]} Bd7 {[%clk 1:35:18]} 15. Ne2
{[%clk 1:32:46]} Na4 {[%clk 1:31:27]} 16. b3 {[%clk 1:30:39]} Nc5
{[%clk 1:31:54]} 17. Nd4 {[%clk 1:30:33]} g6 {[%clk 1:30:00]} 18. g3
{[%clk 1:26:38]} Rac8 {[%clk 1:28:34]} 19. Rhf1 {[%clk 1:25:07]} h5
{[%clk 1:27:28]} 20. Rf2 {[%clk 1:16:10]} a6 {[%clk 1:23:33]} 21. Ke3
{[%clk 1:13:27]} Bc6 {[%clk 1:22:45]} 22. Re1 {[%clk 1:09:22]} Rc7
{[%clk 1:20:37]} 23. h3 {[%clk 1:08:55]} Rcc8 {[%clk 1:16:34]} 24. Rh2
{[%clk 0:54:31]} Kf8 {[%clk 1:07:46]} 25. Reh1 {[%clk 0:51:47]} Kg7 26. g4
{[%clk 0:44:33]} hxg4 {[%clk 1:04:49]} 27. hxg4 {[%clk 0:44:54]} Rxh2
{[%clk 1:00:23]} 28. Rxh2 {[%clk 0:45:19]} Nd7 {[%clk 0:59:09]} 29. Nf3
{[%clk 0:41:03]} Rh8 {[%clk 0:57:28]} 30. Rxh8 {[%clk 0:38:57]} Kxh8
{[%clk 0:57:56]} 31. a4 {[%clk 0:35:06]} a5 {[%clk 0:51:15]} 32. Kd4
{[%clk 0:27:18]} Kg7 {[%clk 0:43:33]} 33. f5 gxf5 {[%clk 0:41:56]} 34. gxf5
{[%clk 0:25:46]} b6 {[%clk 0:40:11]} 35. Ng5 {[%clk 0:15:24]} Nc5
{[%clk 0:21:51]} 36. f6+ {[%clk 0:15:46]} Kf8 {[%clk 0:22:03]} 37. Be2
{[%clk 0:15:25]} Nb7 {[%clk 0:17:40]} 38. Bh5 {[%clk 0:14:59]} Be8
{[%clk 0:16:29]} 39. Bd1 {[%clk 0:09:30]} Nd8 {[%clk 0:16:02]} 40. Nf3
{[%clk 0:39:50]} Nb7 {[%clk 0:40:24]} 41. c3 {[%clk 0:37:23]} Nc5
{[%clk 0:38:59]} 42. Nd2 {[%clk 0:35:24]} Bc6 {[%clk 0:28:53]} 43. Bf3
{[%clk 0:35:09]} Na6 {[%clk 0:27:22]} 44. Nf1 {[%clk 0:26:58]} Kg8
{[%clk 0:23:00]} 45. Ne3 {[%clk 0:26:35]} Nc5 {[%clk 0:22:51]} 46. Bd1
{[%clk 0:26:51]} Na6 {[%clk 0:16:34]} 47. Ng4 {[%clk 0:20:51]} Nc5
{[%clk 0:15:51]} 48. Bc2 {[%clk 0:20:05]} Na6 {[%clk 0:15:11]} 49. Nf2
{[%clk 0:19:43]} Bb7 {[%clk 0:13:38]} 50. Nd3 {[%clk 0:19:32]} Nb8
{[%clk 0:13:07]} 51. b4 {[%clk 0:16:57]} Nc6+ {[%clk 0:13:12]} 52. Ke3
{[%clk 0:17:22]} d4+ {[%clk 0:11:56]} 53. cxd4 {[%clk 0:17:40]} axb4
{[%clk 0:10:09]} 54. Nb2 {[%clk 0:17:35]} Na5 {[%clk 0:09:06]} 55. Be4
{[%clk 0:17:06]} Bc8 {[%clk 0:06:04]} 56. Bd3 {[%clk 0:14:28]} Bd7
{[%clk 0:03:36]} 57. Bb5 {[%clk 0:13:27]} Bc6 {[%clk 0:01:51]} 58. Bxc6
{[%clk 0:13:00]} Nxc6 {[%clk 0:02:20]} 59. Kd3 {[%clk 0:12:14]} Kh7
{[%clk 0:01:58]} 60. Nc4 {[%clk 0:09:19]} b3 {[%clk 0:02:03]} 61. Kc3
{[%clk 0:09:23]} Kg6 {[%clk 0:02:08]} 62. Nxb6 {[%clk 0:05:07]} Nxd4
{[%clk 0:02:29]} 63. Nc4 {[%clk 0:05:20]} Nc6 {[%clk 0:02:06]} 64. a5
{[%clk 0:04:56]} Kf5 {[%clk 0:01:01]} 65. a6 {[%clk 0:05:15]} Ke4
{[%clk 0:00:52]} 66. Kxb3 {[%clk 0:03:49]} Kd4 {[%clk 0:01:10]} 67. Nd6
{[%clk 0:03:30]} Kxe5 {[%clk 0:01:26]} 68. Nxf7+ {[%clk 0:03:24]} Kxf6
{[%clk 0:01:35]} 69. Nd8 {[%clk 0:02:54]} Na7 {[%clk 0:01:55]} 70. Kc4
{[%clk 0:03:10]} Ke7 {[%clk 0:02:16]} 71. Nb7 {[%clk 0:03:32]} Kd7
{[%clk 0:02:18]} 72. Kc5 {[%clk 0:03:41]} Kc7 {[%clk 0:02:24]} 73. Na5
{[%clk 0:03:48]} e5 {[%clk 0:02:19]} 74. Nc4 {[%clk 0:03:56]} e4 {[%clk 0:02:20]}
75. Nb6 {[%clk 0:04:04]} Kb8 {[%clk 0:01:48]} 76. Nd5 {[%clk 0:04:18]} Nc8
{[%clk 0:01:50]} 77. Kd4 {[%clk 0:04:17]} 1/2-1/2

[Event "WCO 2016"]
[Site "?"]
[Date "2016.09.09"]
[Round "7"]
[Board "15"]
[WhiteID "13901001"]
[White "Partac Elena"]
[BlackID "2908689"]
[Black "Nikolova Adriana"]
[Result "1/2-1/2"]
[BlackElo "2358"]
[WhiteElo "2086"]
[LiveChessVersion "1.4.8"]

1. e4 {[%clk 1:30:56]} c5 {[%clk 1:30:52]} 2. Nf3 {[%clk 1:31:03]} Nc6
{[%clk 1:31:11]} 3. Bb5 {[%clk 1:31:28]} Nf6 {[%clk 1:31:17]} 4. e5
{[%clk 1:31:13]} Nd5 {[%clk 1:31:16]} 5. Nc3 {[%clk 1:31:39]} Nc7
{[%clk 1:30:14]} 6. Bxc6 {[%clk 1:31:20]} dxc6 {[%clk 1:30:39]} 7. h3
{[%clk 1:31:46]} Ne6 {[%clk 1:28:24]} 8. d3 {[%clk 1:29:17]} g6 {[%clk 1:28:41]}
9. O-O {[%clk 1:29:15]} Bg7 {[%clk 1:29:06]} 10. Re1 {[%clk 1:28:35]} b6
{[%clk 1:27:54]} 11. a4 {[%clk 1:27:59]} a5 {[%clk 1:27:41]} 12. Qe2
{[%clk 1:14:33]} Nd4 {[%clk 1:25:16]} 13. Nxd4 {[%clk 1:14:03]} cxd4
{[%clk 1:24:09]} 14. Ne4 {[%clk 0:54:03]} O-O {[%clk 1:23:50]} 15. Bf4
{[%clk 0:53:16]} c5 {[%clk 1:15:42]} 16. Qd2 {[%clk 0:50:56]} Qd5
{[%clk 1:10:22]} 17. Ng3 {[%clk 0:48:44]} Bb7 {[%clk 1:07:21]} 18. f3
{[%clk 0:49:10]} Rfe8 {[%clk 0:57:41]} 19. b3 {[%clk 0:47:41]} Rac8
{[%clk 0:51:12]} 20. Re2 {[%clk 0:40:46]} Rc6 {[%clk 0:42:31]} 21. Rae1
{[%clk 0:38:13]} Re6 {[%clk 0:42:42]} 22. h4 {[%clk 0:23:47]} h5 {[%clk 0:36:31]}
23. Ne4 {[%clk 0:21:37]} Rc6 {[%clk 0:20:04]} 24. Ng3 {[%clk 0:15:28]} Re6
{[%clk 0:20:24]} 25. Ne4 {[%clk 0:15:40]} Rc6 {[%clk 0:20:51]} 26. Ng3
{[%clk 0:15:06]} Re6 {[%clk 0:21:13]} 27. Ne4 {[%clk 0:15:17]} 1/2-1/2

[Event "WCO 2016"]
[Site "?"]
[Date "2016.09.09"]
[Round "7"]
[Board "16"]
[WhiteID "2906660"]
[White "Raeva Elitsa"]
[BlackID "13904620"]
[Black "Gitu Paula-Alexandra"]
[Result "1-0"]
[BlackElo "1892"]
[WhiteElo "2232"]
[LiveChessVersion "1.4.8"]

1. d4 {[%clk 1:30:55]} d6 {[%clk 1:30:54]} 2. Nf3 {[%clk 1:31:13]} Nf6
{[%clk 1:31:19]} 3. c4 {[%clk 1:31:09]} g6 {[%clk 1:31:28]} 4. Nc3
{[%clk 1:31:26]} Bg7 {[%clk 1:31:42]} 5. Bg5 {[%clk 1:29:17]} c6 {[%clk 1:27:30]}
6. e3 {[%clk 1:29:18]} Bg4 {[%clk 1:25:31]} 7. Be2 {[%clk 1:28:39]} Nbd7
{[%clk 1:25:00]} 8. O-O {[%clk 1:27:59]} O-O {[%clk 1:24:58]} 9. h3
{[%clk 1:25:42]} Bxf3 {[%clk 1:23:55]} 10. Bxf3 {[%clk 1:25:56]} Qa5
{[%clk 1:19:04]} 11. Bh4 {[%clk 1:24:59]} Rfe8 {[%clk 1:16:37]} 12. a3
{[%clk 1:18:04]} Qc7 {[%clk 0:57:22]} 13. Bg3 {[%clk 1:17:57]} Rad8
{[%clk 0:48:24]} 14. c5 {[%clk 1:10:40]} Nf8 {[%clk 0:28:09]} 15. Rc1
{[%clk 1:00:54]} Qd7 {[%clk 0:18:35]} 16. cxd6 {[%clk 0:56:09]} exd6
{[%clk 0:19:00]} 17. Qa4 {[%clk 0:56:25]} a6 {[%clk 0:15:09]} 18. Qa5
{[%clk 0:52:52]} d5 {[%clk 0:12:55]} 19. Na4 {[%clk 0:47:00]} Ne6
{[%clk 0:12:03]} 20. Bh4 {[%clk 0:46:18]} h5 {[%clk 0:05:46]} 21. Nc5
{[%clk 0:34:54]} Nxc5 22. Qxc5 {[%clk 0:35:17]} Qf5 {[%clk 0:03:33]} 23. Qb6
{[%clk 0:27:41]} g5 {[%clk 0:02:17]} 24. Bg3 {[%clk 0:27:53]} Rd7
{[%clk 0:02:36]} 25. Bd1 {[%clk 0:28:05]} h4 {[%clk 0:01:35]} 26. Be5
{[%clk 0:26:37]} Rde7 {[%clk 0:01:56]} 27. Bc2 {[%clk 0:23:34]} Qe6
{[%clk 0:01:36]} 28. f4 {[%clk 0:18:44]} Nd7 {[%clk 0:00:35]} 29. Qb4
{[%clk 0:17:56]} Qh6 {[%clk 0:00:33]} 30. fxg5 {[%clk 0:16:14]} Qxg5
{[%clk 0:00:58]} 31. Bf4 {[%clk 0:16:35]} Qh5 {[%clk 0:00:52]} 32. Qxb7
{[%clk 0:16:15]} Ne5 {[%clk 0:00:34]} 33. Qxa6 {[%clk 0:15:53]} Nc4
{[%clk 0:00:43]} 34. Bd1 {[%clk 0:14:43]} Qg6 {[%clk 0:00:53]} 35. Rxc4
{[%clk 0:13:37]} dxc4 {[%clk 0:01:19]} 36. Qxc4 {[%clk 0:14:01]} Qe6
{[%clk 0:00:38]} 37. Qd3 {[%clk 0:11:50]} Qg6 {[%clk 0:00:40]} 38. Qxg6
{[%clk 0:07:57]} fxg6 {[%clk 0:01:09]} 39. Bf3 {[%clk 0:08:15]} Rc8
{[%clk 0:00:31]} 40. Rc1 {[%clk 0:38:34]} c5 {[%clk 0:30:33]} 41. b4
{[%clk 0:31:20]} Ra7 {[%clk 0:26:31]} 42. b5 {[%clk 0:27:59]} Rxa3
{[%clk 0:24:15]} 43. b6 {[%clk 0:28:21]} 1-0

[Event "WCO 2016"]
[Site "?"]
[Date "2016.09.09"]
[Round "7"]
[Board "13"]
[WhiteID "12401226"]
[White "Pham Le Thao Nguyen"]
[BlackID "4130189"]
[Black "Atalik Ekaterina"]
[Result "1-0"]
[BlackElo "2422"]
[WhiteElo "2338"]
[LiveChessVersion "1.4.8"]

1. d4 {[%clk 1:30:49]} Nf6 {[%clk 1:30:27]} 2. Bf4 {[%clk 1:30:17]} e6
{[%clk 1:30:29]} 3. e3 {[%clk 1:30:26]} d5 {[%clk 1:29:43]} 4. Nd2
{[%clk 1:29:58]} c5 {[%clk 1:29:19]} 5. c3 {[%clk 1:29:45]} Nc6 {[%clk 1:29:22]}
6. Ngf3 {[%clk 1:29:17]} Bd6 {[%clk 1:29:13]} 7. Bg3 {[%clk 1:28:31]} O-O
{[%clk 1:27:10]} 8. Bd3 {[%clk 1:18:12]} b6 {[%clk 1:25:40]} 9. Ne5
{[%clk 1:15:42]} Bb7 {[%clk 1:21:21]} 10. f4 {[%clk 1:11:44]} Ne7
{[%clk 1:18:42]} 11. Qb1 {[%clk 1:05:07]} a5 {[%clk 1:10:05]} 12. Bh4
{[%clk 0:57:37]} Ra7 {[%clk 0:52:30]} 13. O-O {[%clk 0:53:11]} Ng6
{[%clk 0:42:43]} 14. Bxf6 {[%clk 0:47:10]} gxf6 {[%clk 0:41:12]} 15. Nxg6
{[%clk 0:46:36]} fxg6 {[%clk 0:39:51]} 16. Bxg6 {[%clk 0:46:12]} Bc8
{[%clk 0:38:17]} 17. Bh5 {[%clk 0:43:23]} e5 {[%clk 0:35:33]} 18. Rf2
{[%clk 0:37:07]} Rg7 {[%clk 0:32:05]} 19. Qf1 {[%clk 0:35:24]} e4
{[%clk 0:29:01]} 20. Qd1 {[%clk 0:30:00]} f5 {[%clk 0:26:41]} 21. Nf1
{[%clk 0:27:50]} Be6 {[%clk 0:24:20]} 22. a4 {[%clk 0:26:47]} Qb8
{[%clk 0:23:02]} 23. Be2 {[%clk 0:25:41]} Kh8 {[%clk 0:23:11]} 24. Bb5
{[%clk 0:24:57]} Qc7 {[%clk 0:19:43]} 25. b3 {[%clk 0:22:11]} cxd4
{[%clk 0:16:53]} 26. Qxd4 {[%clk 0:17:11]} Be7 {[%clk 0:16:43]} 27. Rc1
{[%clk 0:16:42]} Bf6 {[%clk 0:16:41]} 28. Qd1 {[%clk 0:15:23]} Qc5
{[%clk 0:16:09]} 29. Rfc2 {[%clk 0:13:54]} Rfg8 {[%clk 0:13:11]} 30. Kh1
{[%clk 0:11:24]} Rc7 {[%clk 0:12:14]} 31. b4 {[%clk 0:07:29]} Qd6
{[%clk 0:11:10]} 32. bxa5 {[%clk 0:07:43]} bxa5 {[%clk 0:10:58]} 33. Qd2
{[%clk 0:07:20]} Rgc8 {[%clk 0:09:56]} 34. Ng3 {[%clk 0:07:05]} Kg8
{[%clk 0:05:46]} 35. h3 {[%clk 0:06:06]} Qc5 {[%clk 0:03:34]} 36. Ne2
{[%clk 0:05:51]} Bf7 {[%clk 0:03:47]} 37. Kh2 {[%clk 0:02:47]} Bh5
{[%clk 0:03:06]} 38. Ng3 {[%clk 0:03:04]} Bg6 {[%clk 0:03:14]} 39. Ne2
{[%clk 0:03:28]} Bh5 {[%clk 0:03:33]} 40. Ng3 {[%clk 0:32:55]} Bg6
{[%clk 0:33:36]} 41. Kh1 {[%clk 0:30:49]} h5 {[%clk 0:18:56]} 42. Ne2
{[%clk 0:25:56]} h4 {[%clk 0:18:48]} 43. Ba6 {[%clk 0:24:45]} Ra8
{[%clk 0:15:25]} 44. c4 {[%clk 0:23:17]} Qa7 {[%clk 0:14:32]} 45. Bb5
{[%clk 0:20:01]} dxc4 {[%clk 0:13:46]} 46. Qd6 {[%clk 0:18:21]} Kg7
{[%clk 0:12:30]} 47. Rxc4 {[%clk 0:18:03]} Rf7 {[%clk 0:08:36]} 48. Nd4
{[%clk 0:15:42]} Kh6 {[%clk 0:05:33]} 49. Qe6 {[%clk 0:09:55]} Bg7
{[%clk 0:03:38]} 50. Qd5 {[%clk 0:07:44]} Rg8 {[%clk 0:02:14]} 51. Rc5
{[%clk 0:07:22]} Qa8 {[%clk 0:01:31]} 52. Rc6 {[%clk 0:06:38]} Kh7
{[%clk 0:01:40]} 53. Ne6 {[%clk 0:05:37]} Bf6 {[%clk 0:01:33]} 54. Qd6
{[%clk 0:05:13]} Be7 {[%clk 0:00:55]} 55. Qd2 {[%clk 0:04:18]} Bf6
{[%clk 0:00:54]} 56. Qe1 {[%clk 0:03:37]} Rh8 {[%clk 0:00:35]} 57. Rd1
{[%clk 0:03:17]} Qa7 {[%clk 0:00:43]} 58. Ng5+ {[%clk 0:02:25]} Bxg5
{[%clk 0:00:41]} 59. fxg5 {[%clk 0:02:52]} f4 {[%clk 0:00:33]} 60. Qxh4+
{[%clk 0:02:13]} Kg7 {[%clk 0:00:56]} 61. Rxg6+ {[%clk 0:02:35]} 1-0